000 00373nam a2200157Ia 4500
008 230917s9999||||xx |||||||||||||| ||und||
040 _e74330
_aMAIN
041 _aEnglish
082 _a658.3 S81M
100 _aSchuler, Randall S
245 0 _aManaging human resources
250 _a4th ed.
260 _aSaint Paul
_bWest
_c1992
300 _axxv, 630 p.
942 _cBK
999 _c76313
_d76313